[Event "Saint Louis Blitz 2020"]
[Site "Saint Louis"]
[Date "2020.09.19"]
[Round "18"]
[White "Nakamura, Hikaru"]
[Black "Xiong, Jeffery"]
[Result "1-0"]
[WhiteElo "2736"]
[BlackElo "2709"]
[Annotator "TA"]
[PlyCount "103"]
[EventDate "2020.09.18"]
[EventType "blitz"]
[EventCountry "USA"]
[SourceTitle "playchess.com"]
[Source "ChessBase"]
[SourceQuality "1"]

{[%evp 9,103,-168,-117,-134,-108,-118,-126,-163,-154,-159,-147,-183,-155,-180,-156,-162,-160,-231,-206,-264,-231,-263,-260,-467,-263,-526,-572,-508,-618,-663,-651,-656,-638,-927,-943,-979,-953,-958,-939,-1000,-597,-903,0,0,0,0,0,0,0,0,32,58,77,57,49,58,56,49,61,61,147,0,127,109,151,155,151,155,241,232,233,161,183,153,212,211,206,204,302,270,261,237,339,339,533,552,785,812,742,744,1807,1739,5014,4133,29987,29988]} 1. e4 e5 2. Ke2 Nf6 3. d3 ({Predecessor:} 3. Nc3 Nc6 4. Ke1 Bc5 5. Bc4 d6 6. Qe2 O-O 7. Qf3 Bg4 8. Qg3 Nd4 9. d3 Nxc2+ {0-1 (24) Poignant,J-Delorme,A France 1997}) 3... d5 4. Nd2 Nc6 5. c3 b6 (5... dxe4 $19 6. dxe4 Bc5) 6. Qc2 {C42: Petroff Defence: 3 Nxe5 and unusual White 3rd moves.} Bb7 7. Ngf3 Qd7 8. b4 {Black is better.} O-O-O 9. a3 Kb8 10. Bb2 g6 11. Ke1 Bh6 12. Rd1 Rhe8 13. Be2 (13. Rg1 $17) 13... Nh5 $19 14. b5 Na5 15. c4 Nf4 16. Bf1 $2 (16. Nxe5 $2 Nxg2+ 17. Kf1 Qh3 $1 $19 {[%mdl 512]}) (16. Rg1 {keeps fighting.} d4 17. Bf1) 16... dxc4 (16... dxe4 $142 17. dxe4 Qd6) 17. dxc4 $2 (17. Nxc4 {might work better.} Qxb5 18. Ncxe5) 17... f5 18. c5 fxe4 19. c6 Nxc6 20. bxc6 Bxc6 21. Nxe5 Nd3+ 22. Bxd3 exd3 {[%mdl 64] Discovered Attack} 23. Qc4 Bxg2 {White must now prevent ...Qf5.} 24. Rg1 Bb7 25. Qh4 Qf5 $2 ({Better is} 25... Qb5 $19 26. Qxh6 Qxb2) 26. Qxh6 $11 {aiming for Qe3.} Rxe5+ 27. Bxe5 Qxe5+ 28. Qe3 Qxh2 29. Kf1 Qh5 30. f3 Bc6 31. Qg5 Qh3+ 32. Kf2 Qh2+ (32... Re8 $6 33. Rde1 $16) 33. Rg2 Qd6 34. Re1 $36 {[%mdl 2048] Black is under pressure.} Rf8 ({Black should try} 34... Rd7 $14) 35. Kg1 (35. Qe5 $16 {Qxd6 is the strong threat.} Qd8 36. Rg4) 35... Rf5 {[#]} (35... Bxf3 $11 36. Nxf3 Rxf3) 36. Qe7 $1 $16 {[%cal Re7d6] And now Qxd6 would win. Black is now going downhill.} Qf4 37. Qd8+ {[%mdl 64] Double Attack} ({Avoid the trap} 37. Qxh7 $2 Qd4+ 38. Rf2 Rg5+ 39. Kf1 Rh5 $19) 37... Kb7 38. Qxd3 Rd5 (38... Rh5 $16 39. Ne4 Qh6) 39. Qe3 $18 Qh4 40. Qf2 Qa4 41. Re3 Qd1+ {[#]} (41... Qd4 $16 {was called for.} 42. Rh2 Qa1+ 43. Qe1 Qxe1+ 44. Rxe1 Rd3) 42. Qe1 $1 {[%cal Re1d1]} Qa4 43. Rc3 Rh5 (43... Qd4+ $142 44. Qe3 Qh4) 44. Rg4 Qa5 45. Qc1 ({Weaker is} 45. Rxc6 Kxc6 46. Rc4+ Kd7 $11) 45... Qe5 (45... Qd5 {was worth a try.} 46. Ne4 Rf5) 46. Nf1 ({Inferior is} 46. Rxc6 Qe3+ 47. Kg2 Qe2+ 48. Kg1 Qe3+ 49. Kg2 Qe2+ 50. Kg1 Qe3+ $11) 46... Qe6 (46... Bd7 $142 47. Re4 Qd6) 47. Rgc4 {[%cal Rc4c6]} Bb5 48. Rxc7+ Ka6 {[#]} 49. a4 $1 Be2 (49... Bxa4 50. R3c4) 50. Re3 Rg5+ {[#]} 51. Kf2 $1 Qh3 52. Kxe2 {Accuracy: White = 66%, Black = 47%.} 1-0

[Event "Saint Louis Blitz 2020"]
[Site "Saint Louis"]
[Date "2020.09.19"]
[Round "18"]
[White "Harikrishna, Pentala"]
[Black "So, Wesley"]
[Result "0-1"]
[WhiteElo "2732"]
[BlackElo "2770"]
[Annotator "TA"]
[PlyCount "86"]
[EventDate "2020.09.18"]
[EventType "blitz"]
[EventCountry "USA"]
[SourceTitle "playchess.com"]
[Source "ChessBase"]
[SourceQuality "1"]

{[%evp 14,86,33,31,35,18,24,24,24,0,3,-16,-14,-25,-21,-4,-5,-37,-18,-11,0,-59,-56,-71,-74,-98,-122,-116,-90,-106,-96,-161,-164,-186,-180,-191,-179,-280,-277,-359,-350,-349,-350,-481,-489,-472,-460,-445,-338,-516,-525,-524,-521,-510,-466,-458,-460,-467,-458,-431,-393,-475,-474,-612,-618,-851,-831,-718,-604,-587,0,-1613,-1546,-1550,-1448]} 1. e4 c5 2. Nf3 d6 3. c3 Nf6 4. Be2 g6 5. O-O Bg7 6. Bb5+ Nbd7 7. Re1 a6 8. Bf1 b5 {B50: Sicilian: 2...d6, Miscellaneous.} 9. d4 cxd4 10. cxd4 Bb7 {[#] White has an edge.} 11. Bd3 $146 ({Predecessor:} 11. e5 dxe5 12. dxe5 Nd5 13. a4 b4 14. Nbd2 O-O 15. Nb3 e6 16. Bg5 Qb6 17. a5 {½-½ (90) Kovalev,V (2655)-Nepomniachtchi,I (2757) Dortmund 2018}) 11... O-O 12. Bg5 h6 13. Bh4 g5 14. Bg3 Nh5 15. Nc3 Nxg3 16. hxg3 e6 17. Qe2 (17. a4 $11) 17... g4 $36 {[%mdl 2048] Black fights for an advantage.} 18. Nh2 b4 19. Nd1 h5 20. d5 Qf6 21. Rc1 Nc5 22. e5 (22. Nf1 $17 {was necessary.}) 22... Qg5 $19 23. Ne3 Qxe5 24. Bb1 Qxb2 25. Qc4 (25. Qd1 $142) 25... a5 26. Nhf1 Ba6 27. Qf4 Qe5 28. Nf5 Qxf4 29. Ne7+ Kh8 30. gxf4 {Now dxe6 and White clings on.} Bb2 31. Rxc5 (31. Rcd1 $142 Rfe8 32. Nc6) 31... dxc5 32. dxe6 Bc3 33. Rd1 Rad8 34. Ng6+ fxg6 35. e7 Rde8 36. exf8=Q+ Rxf8 37. Bxg6 Rxf4 38. Ng3 {If White can now play Rd8+ this consolidates a bit.} Bd4 39. Nxh5 Rxf2 40. Kh2 Be5+ 41. Kg1 {[#] White wants to mate with Rd8+.} Bd4 $2 (41... Rf8 $1 $19 42. Be4 Bc4) 42. Rxd4 $4 {[%mdl 8192]} (42. Kh2 $11 Rxa2 43. Bf7) 42... Rf1+ 43. Kh2 cxd4 {Accuracy: White = 47%, Black = 87%.} 0-1